<?xml version="1.0" encoding="UTF-8"?>
<record
    xmlns:xsi="http://www.w3.org/2001/XMLSchema-instance"
    xsi:schemaLocation="http://www.loc.gov/MARC21/slim http://www.loc.gov/standards/marcxml/schema/MARC21slim.xsd"
    xmlns="http://www.loc.gov/MARC21/slim">

  <leader>02232cam a2200361 a 4500</leader>
  <controlfield tag="001">17020951</controlfield>
  <controlfield tag="005">20170105102916.0</controlfield>
  <controlfield tag="008">111025s2009    enkab    b    001 0 eng c</controlfield>
  <datafield tag="010" ind1=" " ind2=" ">
    <subfield code="a">  2008911982</subfield>
  </datafield>
  <datafield tag="015" ind1=" " ind2=" ">
    <subfield code="a">GBA981562</subfield>
    <subfield code="2">bnb</subfield>
  </datafield>
  <datafield tag="016" ind1="7" ind2=" ">
    <subfield code="a">015351772</subfield>
    <subfield code="2">Uk</subfield>
  </datafield>
  <datafield tag="020" ind1=" " ind2=" ">
    <subfield code="a">9780500251560 (hbk.)</subfield>
  </datafield>
  <datafield tag="020" ind1=" " ind2=" ">
    <subfield code="a">0500251568 (hbk.)</subfield>
  </datafield>
  <datafield tag="035" ind1=" " ind2=" ">
    <subfield code="a">(OCoLC)ocn317919350</subfield>
  </datafield>
  <datafield tag="040" ind1=" " ind2=" ">
    <subfield code="a">UKM</subfield>
    <subfield code="c">STF</subfield>
    <subfield code="d">UKM</subfield>
    <subfield code="d">BTCTA</subfield>
    <subfield code="d">CLE</subfield>
    <subfield code="d">VP@</subfield>
    <subfield code="d">COO</subfield>
    <subfield code="d">IAD</subfield>
    <subfield code="d">YDXCP</subfield>
    <subfield code="d">QBX</subfield>
    <subfield code="d">CDX</subfield>
    <subfield code="d">GEBAY</subfield>
    <subfield code="d">MOF</subfield>
    <subfield code="d">UKMGB</subfield>
    <subfield code="d">DLC</subfield>
  </datafield>
  <datafield tag="042" ind1=" " ind2=" ">
    <subfield code="a">pcc</subfield>
  </datafield>
  <datafield tag="050" ind1="0" ind2="0">
    <subfield code="a">D128</subfield>
    <subfield code="b">.M435 2009</subfield>
  </datafield>
  <datafield tag="245" ind1="0" ind2="4">
    <subfield code="a">The medieval world at war /</subfield>
    <subfield code="c">edited by Matthew Bennett.</subfield>
  </datafield>
  <datafield tag="260" ind1=" " ind2=" ">
    <subfield code="a">London :</subfield>
    <subfield code="b">Thames &amp; Hudson,</subfield>
    <subfield code="c">2009.</subfield>
  </datafield>
  <datafield tag="300" ind1=" " ind2=" ">
    <subfield code="a">272 p. :</subfield>
    <subfield code="b">ill. (some col.), col. maps ;</subfield>
    <subfield code="c">28 cm.</subfield>
  </datafield>
  <datafield tag="500" ind1=" " ind2=" ">
    <subfield code="a">"With 264 illustrations, 204 in color."</subfield>
  </datafield>
  <datafield tag="504" ind1=" " ind2=" ">
    <subfield code="a">Includes bibliographical references (p. 260-262) and index.</subfield>
  </datafield>
  <datafield tag="505" ind1="0" ind2="0">
    <subfield code="g">Introduction:</subfield>
    <subfield code="t">Change and continuity in warfare /</subfield>
    <subfield code="r">Matthew Bennett --</subfield>
    <subfield code="t">Byzantium against Persia and Islam, 530-750 /</subfield>
    <subfield code="r">James Howard-Johnson --</subfield>
    <subfield code="t">From barbarian kingdoms to the Carolingian empire, 500-850 /</subfield>
    <subfield code="r">Roy Boss --</subfield>
    <subfield code="t">New invaders of Christendom: Muslims, Vikings, Russians, Magyars and Normans, 800-1066 /</subfield>
    <subfield code="r">Matthew Bennett --</subfield>
    <subfield code="t">The revival of Latin Christendom and the crusades in the east, 1050-1250 /</subfield>
    <subfield code="r">John France --</subfield>
    <subfield code="t">Nomads triumphant: Mongols, Mamluks and the later crusades, 1250-1400 /</subfield>
    <subfield code="r">Timothy May --</subfield>
    <subfield code="t">The teutonic knights and the northern crusades, 1200-1450 /</subfield>
    <subfield code="r">William Urban --</subfield>
    <subfield code="t">The challenge to chivalry: longbow and pike, 1275-1475 /</subfield>
    <subfield code="r">Michael Prestwich --</subfield>
    <subfield code="t">The gunpowder revolution, 1300-1500 /</subfield>
    <subfield code="r">Michael Prestwich --</subfield>
    <subfield code="t">The Ottoman challenge: the conquest of Constantinople and military expansion in Europe, 1350-1550 /</subfield>
    <subfield code="r">G&#xE1;bor &#xC1;goston --</subfield>
    <subfield code="t">The wider world: warfare in India, China, Korea and Japan, 500-1500 /</subfield>
    <subfield code="r">T.A. Heathcote, Peter Lorge, Matthew Bennett and Karl Friday.</subfield>
  </datafield>
  <datafield tag="648" ind1=" " ind2="7">
    <subfield code="a">Geschichte 500-1500</subfield>
    <subfield code="2">swd</subfield>
  </datafield>
  <datafield tag="650" ind1=" " ind2="0">
    <subfield code="a">Military history, Medieval.</subfield>
  </datafield>
  <datafield tag="650" ind1=" " ind2="0">
    <subfield code="a">Military art and science</subfield>
    <subfield code="x">History</subfield>
    <subfield code="y">Medieval, 500-1500.</subfield>
  </datafield>
  <datafield tag="650" ind1="0" ind2="7">
    <subfield code="a">Kriegf&#xFC;hrung</subfield>
    <subfield code="2">swd</subfield>
  </datafield>
  <datafield tag="651" ind1=" " ind2="7">
    <subfield code="a">Europa</subfield>
    <subfield code="2">swd</subfield>
  </datafield>
  <datafield tag="700" ind1="1" ind2=" ">
    <subfield code="a">Bennett, Matthew,</subfield>
    <subfield code="d">1954-</subfield>
  </datafield>
  <datafield tag="906" ind1=" " ind2=" ">
    <subfield code="a">7</subfield>
    <subfield code="b">cbc</subfield>
    <subfield code="c">pccadap</subfield>
    <subfield code="d">2</subfield>
    <subfield code="e">epcn</subfield>
    <subfield code="f">20</subfield>
    <subfield code="g">y-gencatlg</subfield>
  </datafield>
  <datafield tag="942" ind1=" " ind2=" ">
    <subfield code="2">ddc</subfield>
    <subfield code="c">BK</subfield>
  </datafield>
  <datafield tag="999" ind1=" " ind2=" ">
    <subfield code="c">15370</subfield>
    <subfield code="d">15370</subfield>
  </datafield>
  <datafield tag="952" ind1=" " ind2=" ">
    <subfield code="0">0</subfield>
    <subfield code="1">0</subfield>
    <subfield code="4">0</subfield>
    <subfield code="7">0</subfield>
    <subfield code="8">NFIC</subfield>
    <subfield code="a">CIPS</subfield>
    <subfield code="b">CIPS</subfield>
    <subfield code="c">GEN</subfield>
    <subfield code="d">2013-10-02</subfield>
    <subfield code="l">0</subfield>
    <subfield code="o">355.00902 MED 2009</subfield>
    <subfield code="p">CIPS0002168</subfield>
    <subfield code="r">2013-11-28</subfield>
    <subfield code="w">2013-11-28</subfield>
    <subfield code="y">BK</subfield>
  </datafield>
</record>
